| 000 | 02466cam a2200337 a 4500 | ||
|---|---|---|---|
| 001 | unk83073744 | ||
| 003 | DLC | ||
| 005 | 20260227112801.0 | ||
| 008 | 861002s1968 ii a b 010 0 eng | ||
| 010 |
_aunk83073744 _zsa 68008292 |
||
| 040 |
_aDLC _cDLC |
||
| 041 | 1 |
_aeng _hsan |
|
| 043 |
_aaz----- _aae----- _aac----- |
||
| 050 | 0 | 0 |
_aPJ26 _b.V5 1968 |
| 245 | 0 | 0 |
_aStudies in South, East, and Central Asia : _bpresented as a memorial volume to the late Professor Raghu Vira / _cby members of the Permanent International Altaistic Conference and edited by Denis Sinor. |
| 260 |
_aNew Delhi : _bInternational Academy of Indian Culture, _c1968. |
||
| 300 |
_axxxi, 276 p. : _bill. ; _c29 cm. |
||
| 490 | 1 |
_aŚata-piṭaka series ; _vv. 74 = _aŚatapiṭakam |
|
| 546 | _aEnglish, French, and German. | ||
| 500 | _aTranslation (from Sanskrit) of the Daśabhūmīśvara, by M. Honda: p. 115-276. | ||
| 504 | _a"Bibliography ... [of] important books and articles of Professor Raghu Vira": p. xix-xxxi. | ||
| 504 | _aIncludes bibliographical references. | ||
| 505 | 0 | _aProfessor Raghu Vira, a vast sweep of vision / by S.K. Chatterji -- Prof. Raghu Vira, the Vedisant / by N. Tsuji -- Prof. Raghu Vira and Mongolian studies / by N. Poppe -- Bibliography -- Conditionals in Buddhist Sanskrit / by P. Aalto -- Recherches sur les principes légaux des traités internationaux des T'ang / par F.A. Bischoff -- Bruchstücke einer buddhistischen Schrift über die Sündenfolgen aus den mongolischen Turfan-Fragmenten / von H. Franke -- A rare Mongolian Bodhicaryāvatāra-ms. in New Delhi / by W. Heissig -- Die tibetischen Lehnworte im Kalmückischen / von J.R. Krueger -- Über die Worte ǰigur-e (h)Ag̳ulg̳an in dem Brief des Ilkhan Arg̳un / von S. Murayama -- On the quotations of ritualistic teachers in the Śrautasūtras of Lāṭyāyana and Drāhyayāṇa / by A. Parpola -- Über ein weltich-geistliches Disziplinarverfahren in der Khalkha-Mongolei, 1869, von K. Sagaster -- Some remarks on Manchu poetry / by D. Sinor -- Annotated translation of the Daśabhūmika-sūtra / by M. Honda, rev. by J. Rahder. | |
| 650 | 0 | _aBuddhist literature. | |
| 700 | 0 | _aRaghu Vira. | |
| 700 | 1 | _aSinor, Denis. | |
| 700 | 1 |
_aHonda, Megumu, _d1930- |
|
| 710 | 2 | _aPermanent International Altaistic Conference (Organization) | |
| 730 | 0 | 2 |
_aTripiṭaka. _pSūtrapiṭaka. _pAvataṃsakasūtra. _pDaśabhūmikasūtra. _lEnglish. |
| 830 | 0 |
_aŚata-piṭaka series ; _vv. 74. |
|
| 999 |
_c91486 _d91486 |
||